| 000 | 00356nam a22001337a 4500 | ||
|---|---|---|---|
| 999 |
_c522827 _d522827 |
||
| 003 | NUST | ||
| 005 | 20190123130742.0 | ||
| 038 | _aTanveer | ||
| 082 |
_a923.1 _bKHA |
||
| 245 |
_aAbda Sultan : _bAik Inqilabi Shehzadi ki Khudnosht / _cSahibzada Yaqub Khan |
||
| 260 |
_aPakistan : _bOxford University Press; _c2007 |
||
| 300 |
_a355p. _c25 cm |
||
| 942 |
_2ddc _cBK |
||